000
00325 a2200109 4500
001
ART_8023
005
20260410161639.0
008
260409a
245
1
0
_a
Tributación de la actividad financiera
100
1
_a
Calcagno, Gabriel A
773
0
_t
Consultor tributario
_g
- Vol. 2, Nº 22 (dic. 2008)
_w
REV474
999
_c
13139
_d
13139